Sláva a bída herectví /

Korporativní autor: Akademie múzických umění v Praze. Ústav dramatické a scénické tvorby
Jazyk: Čeština
Vydáno: Praha : KANT, 2013
Vydání: 1. vyd.
Edice: Disk (Akademie múzických umění v Praze). Velká řada
Témata:
Fyzický popis: 231 s. : il., portréty ; 24 cm
Language note: Anglické a německé resumé
Knihy
Uloženo v:
LEADER 02156nam a2200541 a 4500
001 nkc20132519353
003 CZ PrNK
005 20141020145502.0
007 ta
008 131111s2013 xr ac f 001 0 cze
015 |a cnb002519353 
020 |a 978-80-7437-109-7  |q (brož.) :  |c Kč 240,00 
035 |a (OCoLC)867821253 
040 |a ABA001  |b cze 
041 0 |a cze  |b eng  |b ger 
043 |a e-xr--- 
045 |a x-x- 
072 7 |a 791/793  |x Divadlo, film, tanec (obecně)  |2 Konspekt  |9 3 
080 |a 792.028  |2 MRF 
080 |a 791/792.071.2  |2 MRF 
080 |a 791/792.071.2-055.2  |2 MRF 
080 |a (437.3)  |2 MRF 
080 |a (048.8:082)  |2 MRF 
245 0 0 |a Sláva a bída herectví /  |c [připravil Ústav dramatické a scénické tvorby Divadelní fakulty AMU] 
250 |a 1. vyd. 
260 |a Praha :  |b KANT,  |c 2013 
300 |a 231 s. :  |b il., portréty ;  |c 24 cm 
490 1 |a Disk. Velká řada ;  |v sv. 24 
504 |a Obsahuje bibliografie, bibliografické odkazy a rejstřík 
546 |a Anglické a německé resumé 
648 7 |a 20. století  |7 ch460558  |2 czenas 
650 0 7 |a herectví  |7 ph120683  |z Česko  |y 20. stol.  |2 czenas 
650 0 7 |a herci  |7 ph117199  |z Česko  |y 20. stol.  |2 czenas 
650 0 7 |a herečky  |7 ph120685  |z Česko  |y 20. stol.  |2 czenas 
650 0 9 |a acting  |z Czechia  |y 20th century  |2 eczenas 
650 0 9 |a actors  |z Czechia  |y 20th century  |2 eczenas 
650 0 9 |a actresses  |z Czechia  |y 20th century  |2 eczenas 
655 7 |a kolektivní monografie  |7 fd501537  |2 czenas 
655 9 |a collective monographs  |2 eczenas 
710 2 |a Akademie múzických umění v Praze.  |b Ústav dramatické a scénické tvorby  |7 pna2005285498 
830 0 |a Disk (Akademie múzických umění v Praze).  |p Velká řada  |0 s 
910 2 |a BOA001  |b 2-1257.300 
990 |a BK 
995 |a 01 
991 |b 201406  |c NOV  |e n 
996 6 |b 2610595925  |c 2-1257.300  |l MZK  |r Sklad / do 1 hodiny  |n 0  |p p.v.  |w 001431803  |u 000010  |a 1  |e BOA001  |j MZK50  |s P 
996 6 |b 2610607869  |c 2-1257.300  |l MZK  |r HSS 4p  |n 0  |p kup  |h 792 SLÁ  |w 001431803  |u 000020  |a 0  |e BOA001  |j MZK50  |s P 
996 7 |b 2610607870  |c 2-1257.300  |l MZK  |r Sklad / do 1 hodiny  |n 6  |p kup  |w 001431803  |u 000030  |a 1  |e BOA001  |j MZK50  |s A